000 00958nam a22002777a 4500
001 4883
003 FISKH
005 20241022145810.0
008 241022b cb ||||| |||| 00| 0 eng d
020 _a9780141346427
040 _aFISKH
_beng
_cFISKH
_dFISKH
050 _a823.914
082 _aPZ7.D1515
100 _aDahl, Roald
245 _aThe B F G /
_cby Roald Dahl : illustrated by Quentin Blake
260 _aNew York :
_bPuffin Books ;
_c2013 .
300 _a198 pages :
_billustrations ;
_c20 cm .
505 _aS
520 _aKidsnatched from her orphanage by a BFG (Big Friendly Giant), who spends his life blowing happy dreams to children, Sophie concocts with him a plan to save the world from nine other man-gobbling cannybull giants.
521 8 _a790
_bLexile estimate
521 8 _aS
_bRaz-Plus
650 _agiants
_vfiction
700 _aBlake, Quentin
_eillustrator
942 _2ddc
_cBK
_n0
999 _c4883
_d4883